header

Lobsters (Record no. 67826)

MARC details
000 -LEADER
fixed length control field 01255nam a2200313 a 4500
082 04 - DEWEY DECIMAL CLASSIFICATION NUMBER
Classification number 595.3/84
245 00 - TITLE STATEMENT
Title Lobsters
250 ## - EDITION STATEMENT
Edition statement 2nd ed.
260 ## - PUBLICATION, DISTRIBUTION, ETC. (IMPRINT)
Place of publication Chichester :
Name of publisher Wiley-Blackwell,
Year of publication 2013.
300 ## - PHYSICAL DESCRIPTION
Number of Pages xiii, 474 p., [16] p. of plates :
Other physical details ill. (some col.), maps (some col.)
650 #0 - SUBJECT ADDED ENTRY--TOPICAL TERM
Topical Term Lobsters.
700 1# - ADDED ENTRY--PERSONAL NAME
Personal name Phillips, Bruce F.
856 40 - ELECTRONIC LOCATION AND ACCESS
Uniform Resource Identifier http://site.ebrary.com/lib/rucke/Doc?id=10660587

No items available.

© 2026 Rongo University
Contact us: librarian | system librarian | Rongo university